Around the World in 80 Slides Quiz Stats

 Plays Quiz Updated Oct 16, 2016

Score 0/80 Timer 15:00
14 Plays Today
% Correct
United States
98.5%
Mexico
95.9%
Canada
92.9%
Brazil
86.6%
Peru
85.5%
Poland
81.8%
Germany
81.5%
Italy
81.3%
France
80.9%
Greece
78.3%
Belgium
76.9%
Panama
75.7%
Chile
75.5%
Netherlands
74.9%
China
74.6%
India
72.6%
Colombia
71.9%
Argentina
71.6%
Turkey
70.5%
Belize
70.4%
Egypt
69.9%
Honduras
69.4%
Guatemala
69.1%
Switzerland
68.8%
Uruguay
68.6%
Austria
68.2%
Slovakia
67.9%
Costa Rica
67%
Cambodia
66.6%
Vietnam
65.7%
Czechia
65.6%
Saudi Arabia
64.5%
Thailand
64.3%
Nicaragua
63.6%
Jordan
62.5%
Israel
62.1%
Ukraine
61.8%
Luxembourg
61.4%
Pakistan
61.4%
Lithuania
60.5%
% Correct
Russia
60.1%
Latvia
60%
Slovenia
60%
Azerbaijan
58.9%
Belarus
58.9%
Iran
58%
Armenia
57.1%
Iraq
56.6%
Serbia
56.5%
Myanmar
54.9%
Hungary
54.7%
Libya
54.4%
Macedonia
54.3%
Tunisia
54.1%
Bangladesh
53.6%
Turkmenistan
53%
Mali
51.9%
Algeria
50.9%
Kuwait
50.5%
Kazakhstan
49.2%
Tanzania
48.5%
Afghanistan
47.2%
South Africa
46.9%
Uzbekistan
46.2%
Kenya
45.6%
Kyrgyzstan
43.9%
Republic of the Congo
43.2%
Burkina Faso
42.4%
Cameroon
41.3%
Cote d'Ivoire
39.5%
Niger
39.4%
Zambia
38.9%
Ghana
38.8%
Nigeria
38.3%
Central African Republic
36.8%
Ethiopia
36%
Sudan
35.8%
Gabon
34.7%
Chad
33.4%
Namibia
32.2%

You're not logged in!

Compare scores with friends on all Sporcle quizzes.
OR
Log In

You Might Also Like...

Show Comments

Extras

Top Quizzes Today


Score Distribution

Your Account Isn't Verified!

In order to create a playlist on Sporcle, you need to verify the email address you used during registration. Go to your Sporcle Settings to finish the process.

Report this User

Report this user for behavior that violates our Community Guidelines.

Details: